LEADER 01184nam--2200373---450- 001 990001657320203316 005 20091022161748.0 010 $a1-4039-3260-3 035 $a000165732 035 $aUSA01000165732 035 $a(ALEPH)000165732USA01 035 $a000165732 100 $a20040513d2004----km-y0enga50------ba 101 0 $aeng 102 $aGB 105 $a||||||||001yy 200 1 $aGoverning the Asia Pacific$ebeyond the New Regionalism$fedited by Kanishka Jayasuriya 210 $aHoundmills [etc.]$cPalgrave Macmillan$d2004 215 $aVIII, 192 p.$d24 cm 225 2 $aThird World Quarterly Series 410 0$12001$aThird World Quarterly Series 607 $aAsia$xCondizioni economiche 676 $a327.5 702 1$aJAYASURIYA,$bKanishka 801 0$aIT$bsalbc$gISBD 912 $a990001657320203316 951 $aXXIII.2.D. 154 (IG VIII 10 ING 775)$b41542 G.$cXXIII.2.D. 154 (IG VIII)$d00139167 959 $aBK 969 $aGIU 979 $aMARIA$b10$c20040513$lUSA01$h0913 979 $aANNASEN$b90$c20050302$lUSA01$h1235 979 $aRSIAV4$b90$c20091022$lUSA01$h1617 996 $aGoverning the Asia Pacific$9942480 997 $aUNISA LEADER 01894nam0 22004093i 450 001 VAN0254343 005 20230523101318.180 017 70$2N$a9783642878879 100 $a20230209d1958 |0itac50 ba 101 $aeng 102 $aDE 105 $a|||| ||||| 200 1 $aPolynomial Expansions of Analytic Functions$fRalph P. jr. Boas, R. Creighton Buck 210 $aBerlin$cSpringer$d1958 215 $aviii, 77 p.$cill.$d24 cm 410 1$1001VAN0254309$12001 $aErgebnisse der Mathematik und ihrer Grenzgebiete, 2. Folge$1210 $aBerlin$cSpringer$1300 $aDal 1976 aggiunge il complemento tit.: A series of modern surveys in mathematics$v19 606 $a58-XX$xGlobal analysis, analysis on manifolds [MSC 2020]$3VANC019758$2MF 606 $a46-XX$xFunctional analysis [MSC 2020]$3VANC019764$2MF 606 $a30-XX$xFunctions of a complex variable [MSC 2020]$3VANC020785$2MF 610 $aAnalytic functions$9KW:K 610 $aComplex Analysis$9KW:K 610 $aFunctions$9KW:K 610 $aFunktionentheorie$9KW:K 610 $aMathematics$9KW:K 620 $dBerlin$3VANL000066 700 1$aBoas$bRalph P. jr.$3VANV039955$0547677 701 1$aBuck$bRobert C.$3VANV207416$0155294 712 $aSpringer $3VANV108073$4650 790 1$aBuck, R. Creighton$zBuck, Robert C.$3VANV207417 801 $aIT$bSOL$c20240614$gRICA 856 4 $uhttps://doi.org/10.1007/978-3-642-87887-9$zE-book ? Accesso al full-text attraverso riconoscimento IP di Ateneo, proxy e/o Shibboleth 899 $aBIBLIOTECA DEL DIPARTIMENTO DI MATEMATICA E FISICA$1IT-CE0120$2VAN08 912 $fN 912 $aVAN0254343 950 $aBIBLIOTECA DEL DIPARTIMENTO DI MATEMATICA E FISICA$d08CONS e-book 5273 $e08eMF5273 20230217 996 $aPolynomial Expansions of Analytic Functions$93008592 997 $aUNICAMPANIA